000 00554nmm a2200193Ia 4500
008 251105s9999||||xx |||||||||||||||||und||
020 _a9788433979452
041 _aspa
100 _aRovira Faixa, Francesc
245 0 _aOona y Salinger
264 _a[Madrid, España] :
_bEditorial Anagrama,
_c2016
300 _a296 páginas
490 _aPanorama de narrativas
650 _aFrench narrative
700 _aRovira Faixa, Francesc
700 1 _a Beigbeder, Frédéric
856 _uhttps://public.digitaliapublishing.com/a/42210
942 _cCF
999 _c70787
_d70787